00626nam a2200169 i 450000100060000000300090000600500170001500700030003200800410003510000400007624500380011626000830015430000220023785200580025999900170031795201220033489700ES-MaACL20230906180241.0t|050112s1948 xxa ||||1| eng d1 aLawrence, D.H. (d1885-1930)97074310aAaron's rod / cby D.H. Lawrence. aMelbourne : bWilliam Heinemann, c[1948] (eKingswood : fThe Windmill Press) a312 p. ; c18 cm. aES-MaACLjC-27741 z.- Donat. José Antonio Llardent c89700d89700 00104070aATENEOMbATENEOMcDEPO2d2008-01-17eSCl0oC-27741p1093681r2023-02-23 00:00:00w2023-02-23yMONOGRAFIA